Sunny side up (Record no. 74513)
[ view plain ]
| 000 -LEADER | |
|---|---|
| fixed length control field | 01031cam a2200217 4500 |
| 001 - CONTROL NUMBER | |
| control field | X127189 |
| 008 - FIXED-LENGTH DATA ELEMENTS--GENERAL INFORMATION | |
| fixed length control field | 040827n2004 000 0 eng u |
| 035 ## - SYSTEM CONTROL NUMBER | |
| System control number | (Sirsi) u127189 |
| 100 ## - MAIN ENTRY--PERSONAL NAME | |
| Personal name | Young, E. |
| 245 ## - TITLE STATEMENT | |
| Title | Sunny side up |
| 260 ## - PUBLICATION, DISTRIBUTION, ETC. | |
| Date of publication, distribution, etc. | 2004 |
| 490 ## - SERIES STATEMENT | |
| Series statement | RIBA Journal |
| Volume/sequential designation | 111(8) August 2004, 40-44(4) |
| 520 ## - SUMMARY, ETC. | |
| Summary, etc. | Looks at the use of photovoltaics on housing developments. Photovoltaics are used to power heating systems from sunlight and have been used on a private housing development in Belfast, despite their reputation for being expensive. Argues that good advance planning can make this form of sustainable development affordable. Suggests new schemes could include the capacity to incorporate such technology in the future when it becomes more affordable. |
| 650 ## - SUBJECT ADDED ENTRY--TOPICAL TERM | |
| Topical term or geographic name entry element | SUSTAINABLE BUILDINGS |
| 650 ## - SUBJECT ADDED ENTRY--TOPICAL TERM | |
| Topical term or geographic name entry element | SOLAR PANELS |
| 650 ## - SUBJECT ADDED ENTRY--TOPICAL TERM | |
| Topical term or geographic name entry element | PHOTOVOLTAICS |
| 650 ## - SUBJECT ADDED ENTRY--TOPICAL TERM | |
| Topical term or geographic name entry element | RESIDENTIAL DEVELOPMENT |
| 650 ## - SUBJECT ADDED ENTRY--TOPICAL TERM | |
| Topical term or geographic name entry element | SOLAR POWER |
| 690 ## - LOCAL SUBJECT ADDED ENTRY--TOPICAL TERM (OCLC, RLIN) | |
| Topical term or geographic name as entry element | ENVIRONMENTAL AND LAND CONSULTANCY-ENERGY-ENERGY USE-ENERGY EFFICIENCY |
| 942 ## - ADDED ENTRY ELEMENTS (KOHA) | |
| Suppress in OPAC | 0 |
| Withdrawn status | Lost status | Source of classification or shelving scheme | Damaged status | Not for loan | Home library | Current library | Shelving location | Date acquired | Total Checkouts | Full call number | Barcode | Date last seen | Copy number | Price effective from | Koha item type |
|---|---|---|---|---|---|---|---|---|---|---|---|---|---|---|---|
| Dewey Decimal Classification | London | London | Journal article | 27/08/2004 | X127189 | 127189-1001 | 06/08/2019 | 1 | 06/08/2019 | Journal article |